| 000 | 00817nam a2200253Ia 4500 | ||
|---|---|---|---|
| 003 | OSt | ||
| 005 | 20220923211940.0 | ||
| 006 | a|||||r|||| 00| 0 | ||
| 007 | ta | ||
| 008 | 220922b |||||||| |||| 00| 0 san d | ||
| 024 | _a74,754 | ||
| 037 | _cTextual | ||
| 040 |
_aARTS _cARTS _bsan |
||
| 041 |
_2san _asan |
||
| 082 | _aR641xK30,1, 15M1 | ||
| 100 | _aअपदेव | ||
| 245 | 0 | _aमीमांसान्यायप्रकाश | |
| 246 | _aMīmāansānyāyaprakāsha | ||
| 250 | _a3तक | ||
| 260 |
_aवाराणसी _b चौखम्बा संस्कृत संस्थान _c1981 |
||
| 490 | _aकाशी संस्कृत ग्रन्थमाला; 25 | ||
| 942 |
_hR641xK30,1, 15M1 _cTEXL _2CC |
||
| 999 |
_c304818 _d304818 |
||